书目信息 |
| 题名: |
MATLAB程序设计与应用基础教程
|
|
| 作者: | 张岳 编著 | |
| 分册: | ||
| 出版信息: | 北京 清华大学出版社 2021.1 |
|
| 页数: | 10,201页 | |
| 开本: | 26cm | |
| 丛书名: | ||
| 单 册: | ||
| 中图分类: | TP317MA | |
| 科图分类: | ||
| 主题词: | Matlab软件--程序设计--教材 | |
| 电子资源: | ||
| ISBN: | 978-7-302-43593-8 | |
| 000 | 01033nam0 2200277 45 | |
| 001 | 012001000454 | |
| 005 | 20211012144208.99 | |
| 010 | @a978-7-302-43593-8@dCNY38.00 | |
| 090 | @aTP317.6@bzy | |
| 096 | @aTP317.6@bzy | |
| 100 | @a20160909d2016 em y0chiy50 ea | |
| 101 | 0 | @achi |
| 102 | @aCN@b110000 | |
| 105 | @ay z 000yy | |
| 106 | @ar | |
| 200 | 1 | @aMATLAB程序设计与应用基础教程@AMATLAB cheng xu she ji yu ying yong ji chu jiao cheng@f张岳编著 |
| 205 | @a2版 | |
| 210 | @a北京@c清华大学出版社@d2021.1 | |
| 215 | @a10,201页@d26cm | |
| 300 | @a高等学校电子信息应用型规划教材 | |
| 330 | @a本书介绍了MATLAB的基本功能和应用方法,内容包括MATLAB的运行环境、矩阵与数值计算、MATLAB图形绘制、MATLAB程序设计、图形用户界面设计、Simulink动态仿真环境以及MATLAB在线性控制系统、智能控制系统、电路及电力电子系统、数字信号处理系统中的应用。 | |
| 606 | 0 | @aMatlab软件@x程序设计@j教材 |
| 690 | @aTP317MA@v5 | |
| 701 | 0 | @a张岳@Azhang yue@f(1965~)@4编著 |
| 801 | 0 | @aCN@bBJSDL@c20211011 |
| 905 | @b1331493-6@dTP317MA@e544=2@f4 | |
| MATLAB程序设计与应用基础教程/张岳编著.-2版.-北京:清华大学出版社,2021.1 |
| 10,201页;26cm |
| 高等学校电子信息应用型规划教材 |
| ISBN 978-7-302-43593-8:CNY38.00 |
| 本书介绍了MATLAB的基本功能和应用方法,内容包括MATLAB的运行环境、矩阵与数值计算、MATLAB图形绘制、MATLAB程序设计、图形用户界面设计、Simulink动态仿真环境以及MATLAB在线性控制系统、智能控制系统、电路及电力电子系统、数字信号处理系统中的应用。 |
| ● |
| 相关链接 |
|
|
|
|
正题名:MATLAB程序设计与应用基础教程
索取号:TP317MA/544=2
 
预约/预借
| 序号 | 登录号 | 条形码 | 馆藏地/架位号 | 状态 | 备注 |
| 1 | 1331493 | 213314938 | 第二样本阅览室/ [索取号:TP317MA/544=2] | 在馆 | |
| 2 | 1331494 | 213314947 | 第三借阅区/ [索取号:TP317MA/544=2] | 在馆 | |
| 3 | 1331495 | 213314956 | 第三借阅区/ [索取号:TP317MA/544=2] | 在馆 | |
| 4 | 1331496 | 213314965 | 第三借阅区/ [索取号:TP317MA/544=2] | 在馆 |